00628nam a2200181 4500001000700000003000900007005001700016007000300033008004100036100002900077245009700106250001300203260004700216300002200263852002200285999001900307952012000326126427ES-MaACL20230906192822.0t|070214s1933 fr r ||||1| fre d1 aRecouly, Raymond.99578214aLes dessous de l'Histoire b: les negociations secrètes Brian-Lancken / cRaymond Recouly. a5ª. ed. aParis : b[s.n.], c1933 (fImp. Nouvelle) a173 p. ; c19 cm. aES-MaACLjB-12849 c126427d126427 00104070aATENEOMbATENEOMcSPBd2008-01-17eSCl0oB-12849p1131681r2023-02-23 00:00:00w2023-02-23yMONOGRAFIA